Study on factors affecting employee retention in M N Chemical Ltd, Kumta / (Record no. 231799)
[ view plain ]
| 000 -LEADER | |
|---|---|
| fixed length control field | 00730nam a22002177a 4500 |
| 003 - CONTROL NUMBER IDENTIFIER | |
| control field | OSt |
| 005 - DATE AND TIME OF LATEST TRANSACTION | |
| control field | 20240911103642.0 |
| 008 - FIXED-LENGTH DATA ELEMENTS--GENERAL INFORMATION | |
| fixed length control field | 240911b ||||| |||| 00| 0 eng d |
| 040 ## - CATALOGING SOURCE | |
| Transcribing agency | AIMIT LIBRARY |
| 100 ## - MAIN ENTRY--PERSONAL NAME | |
| Personal name | Qazi, Maaz Mohsin. |
| Relator term | 2216090 |
| 9 (RLIN) | 179027 |
| 245 ## - TITLE STATEMENT | |
| Title | Study on factors affecting employee retention in M N Chemical Ltd, Kumta / |
| Statement of responsibility, etc. | By Maaz Mohsin Qazi; Guided by Beena Dias. |
| 260 ## - PUBLICATION, DISTRIBUTION, ETC. | |
| Place of publication, distribution, etc. | Kumta; |
| Date of publication, distribution, etc. | 2024. |
| 650 ## - SUBJECT ADDED ENTRY--TOPICAL TERM | |
| Topical term or geographic name entry element | Industry profile |
| 9 (RLIN) | 179028 |
| 650 ## - SUBJECT ADDED ENTRY--TOPICAL TERM | |
| Topical term or geographic name entry element | Company profile |
| 9 (RLIN) | 179029 |
| 650 ## - SUBJECT ADDED ENTRY--TOPICAL TERM | |
| Topical term or geographic name entry element | Research questions |
| 9 (RLIN) | 179030 |
| 650 ## - SUBJECT ADDED ENTRY--TOPICAL TERM | |
| Topical term or geographic name entry element | Data source |
| 9 (RLIN) | 179031 |
| 650 ## - SUBJECT ADDED ENTRY--TOPICAL TERM | |
| Topical term or geographic name entry element | Sampling design |
| 9 (RLIN) | 179032 |
| 700 ## - ADDED ENTRY--PERSONAL NAME | |
| Personal name | Dias, Beena. |
| Relator term | Guide. |
| 9 (RLIN) | 179033 |
| 856 ## - ELECTRONIC LOCATION AND ACCESS | |
| Materials specified | M N Chemicals Ltd. |
| Uniform Resource Identifier | <a href="www.mnchemicals.co.in">www.mnchemicals.co.in</a> |
| 942 ## - ADDED ENTRY ELEMENTS (KOHA) | |
| Source of classification or shelving scheme | Dewey Decimal Classification |
| Koha item type | Project Report |
| Withdrawn status | Lost status | Source of classification or shelving scheme | Damaged status | Not for loan | Collection code | Home library | Current library | Shelving location | Date acquired | Total Checkouts | Barcode | Date last seen | Copy number | Uniform Resource Identifier | Price effective from | Koha item type |
|---|---|---|---|---|---|---|---|---|---|---|---|---|---|---|---|---|
| Dewey Decimal Classification | Not for loan | Project Report MBA | St Aloysius Institute of Management & Information Technology | St Aloysius Institute of Management & Information Technology | Dissertations | 09/11/2024 | PRB02304 | 09/11/2024 | 2216090 | www.mnchemicals.co.in | 09/11/2024 | Project Report |